000 00478nam a22001577a 4500
005 20241230120717.0
008 241230b xxu||||| |||| 00| 0 eng d
040 _cPK-LaUMT
082 _aAPC 001.42
_bGIY-T
100 _aGiyan Chand =گیان چند
_93905
245 _aTahqeeq ka fun = تحقیق کا فن /
_bby Giyan Chand =گیان چند
260 _aاسلام آباد
_bمقتدرہ قومی زبان
_c2002
300 _a611 ص
546 _aUrdu
942 _cBK
999 _c136432
_d136432